Exploring multimedia for designers / (رقم التسجيلة. 38360)
[ عرض عادي ]
| 000 -الفاتح | |
|---|---|
| حقل البيانات ثابتة الطول | 01454cam a2200337 a 4500 |
| 001 - رقم الضبط | |
| رقم الضبط | 14852881 |
| 003 - محدد رقم الضبط | |
| رقم الضبط | OSt |
| 005 - وقت وتاريخ اخر تعامل مع التسجيلة | |
| رقم الضبط | 20151012171026.0 |
| 008 - عناصر البيانات ثابتة الطول - معلومات عامة | |
| حقل البيانات ثابتة الطول | 070516s2008 nyua 001 0 eng |
| 010 ## - رقم ضبط مكتبة الكونجرس | |
| رقم ضبط مكتبة الكونجرس | 2007020853 |
| 020 ## - الرقم الدولى المعيارى للكتب | |
| الرقم الدولى المعيارى للكتاب | 1418001031 (alk. paper) |
| 020 ## - الرقم الدولى المعيارى للكتب | |
| الرقم الدولى المعيارى للكتاب | 9781418001032 (alk. paper) |
| 035 ## - رقم ضبط النظام | |
| رقم ضبط النظام | (OCoLC)ocn132585420 |
| 035 ## - رقم ضبط النظام | |
| رقم ضبط النظام | (OCoLC)132585420 |
| 040 ## - مصدر الفهرسة | |
| وكالة الفهرسة الأصلية | DLC |
| وكالة النسخ | DLC |
| وكالة التعديل | BTCTA |
| -- | BAKER |
| -- | YDXCP |
| -- | C#P |
| -- | DLC |
| 050 00 - رقم طلب مكتبة الكونجرس | |
| رقم التصنيف | QA76.575 |
| رقم المادة | .V528 2008 |
| 082 00 - رقم تصنيف ديوى العشرى | |
| رقم التصنيف | 006.7 |
| رقم الطبعة | 22 |
| رقم المادة | VRE |
| 100 1# - المدخل الرئيسى - إسم شخصى | |
| الإسم الشخصى | Villalobos, Ray. |
| 9 (RLIN) | 51999 |
| 245 10 - بيان العنوان | |
| العنوان | Exploring multimedia for designers / |
| بيان المسئوليه,etc | Ray Villalobos. |
| 260 ## - PUBLICATION, DISTRIBUTION, ETC. (IMPRINT) | |
| مكان الناشر او الموزع | Clifton Park, NY : |
| اسم الناشر او الموزع | Thomson Delmar Learning, |
| تاريخ النشر أو التوزيع | c2008. |
| 300 ## - الوصف المادى | |
| التعداد | xv, 286 p. : |
| تفاصيل ماديه اخرى للوعاء | ill. (chiefly col.) ; |
| أبعاد الوعاء | 26 cm. + |
| المادة المصاحبة | 1 CD-ROM (4 3/4 in.). |
| 440 #0 - بيان السلسلة/مدخل إضافى-العنوان | |
| العنوان | Design exploration series |
| 9 (RLIN) | 52000 |
| 500 ## - تبصرة عامة | |
| تبصرة عامة | Includes index. |
| 505 0# - تبصرة محتويات-الفهرس | |
| تبصرة المحتويات المصاغة | The tools of multimedia -- Planning your projects -- Introduction to Flash -- Working with photography -- The power of sound -- Principles of animation -- The elements of storytelling -- Making the most of video -- The most important chapter. |
| 650 #0 - المدخل الاضافى بالموضوع-مصطلح موضوعى | |
| مصطلح موضوعي أو اسم جغرافي كعنصر مدخل | Multimedia systems. |
| 9 (RLIN) | 52001 |
| 650 #0 - المدخل الاضافى بالموضوع-مصطلح موضوعى | |
| مصطلح موضوعي أو اسم جغرافي كعنصر مدخل | Digital media. |
| 9 (RLIN) | 4847 |
| 856 41 - الوصول و الموقع الالكترونى | |
| مواد محددة | Table of contents only |
| معرف المصدر الموحد | <a href="http://www.loc.gov/catdir/toc/ecip0718/2007020853.html">http://www.loc.gov/catdir/toc/ecip0718/2007020853.html</a> |
| 906 ## - عنصر بيانات محلى F, LDF (RLIN) | |
| a | 7 |
| b | cbc |
| c | orignew |
| d | 1 |
| e | ecip |
| f | 20 |
| g | y-gencatlg |
| 942 ## - عناصر المدخل الإضافي( كوها) | |
| مصدر التصنيف او مخطط الترفيف | Dewey Decimal Classification |
| Koha [default] item type | كتاب |
| حالة الفقد | نموذج السعر الفعال | حالة تلف | ليس للاعارة | رقم الطلب | تاريخ الاكتساب | الموقع الحالي | الباركود | الفرع الرئيسي | Date last seen | نوع المادة فى نظام كوها | مصدر التصنيف او خطة الترفيف | Total Checkouts |
|---|---|---|---|---|---|---|---|---|---|---|---|---|
| 2015-10-12 | 006.7 VRE | 2015-10-12 | المكتبة المركزية بالمجمعة (CL) | 00653938 | المكتبة المركزية بالمجمعة (CL) | 2015-10-12 | كتاب | Dewey Decimal Classification | ||||
| 2015-10-12 | 006.7 VRE | 2015-10-12 | المكتبة المركزية بالمجمعة (CL) | 00653939 | المكتبة المركزية بالمجمعة (CL) | 2015-10-12 | كتاب | Dewey Decimal Classification | ||||
| 2015-10-12 | 006.7 VRE | 2015-10-12 | المكتبة المركزية بالمجمعة (CL) | 00653940 | المكتبة المركزية بالمجمعة (CL) | 2015-10-12 | كتاب | Dewey Decimal Classification |
